书目信息 |
| 题名: |
新闻发现与表达
|
|
| 作者: | 欧阳霞 著 | |
| 分册: | ||
| 出版信息: | 北京 北京大学出版社 2009.09 |
|
| 页数: | 10,248页 | |
| 开本: | 24cm | |
| 丛书名: | ||
| 单 册: | ||
| 中图分类: | G212.1 , G212.2 | |
| 科图分类: | ||
| 主题词: | 新闻采访--教材 , 新闻写作--教材 , 新闻采访 , 新闻写作 | |
| 电子资源: | ||
| ISBN: | 978-7-301-15423-6 | |
| 000 | 00933nam0 2200289 450 | |
| 001 | 010700080892 | |
| 005 | 20091208154447.07 | |
| 010 | @a978-7-301-15423-6@dCNY29.00 | |
| 100 | @a20091102d2009 em y0chiy0110 ea | |
| 101 | 0 | @achi |
| 102 | @aCN@b110000 | |
| 105 | @aa z 000yy | |
| 106 | @ar | |
| 200 | 1 | @a新闻发现与表达@9xin wen fa xian yu biao da@f欧阳霞著 |
| 210 | @a北京@c北京大学出版社@d2009.09 | |
| 215 | @a10,248页@c图,照片@d24cm | |
| 300 | @a21世纪应用型人才培养新闻传播类规划教材 | |
| 330 | @a本书紧密联系新闻实际,内容的选择及时反映新闻实践和学科发展的水平与趋势,以国内外新闻经典案例和最新案例贯穿始终,解释新闻的基本概念、原理理和方法。 | |
| 606 | 0 | @a新闻采访@j教材 |
| 606 | 0 | @a新闻写作@j教材 |
| 606 | 0 | @a新闻采访 |
| 606 | 0 | @a新闻写作 |
| 690 | @aG212.1@v4 | |
| 690 | @aG212.2@v4 | |
| 701 | 0 | @a欧阳霞@9ou yang xia@4著 |
| 801 | 0 | @aCN@bRENTIAN@c20091208 |
| 905 | @b20795350-54@dG212.1@e367@f5 | |
| 新闻发现与表达/欧阳霞著.-北京:北京大学出版社,2009.09 |
| 10,248页:图,照片;24cm |
| 21世纪应用型人才培养新闻传播类规划教材 |
| ISBN 978-7-301-15423-6:CNY29.00 |
| 本书紧密联系新闻实际,内容的选择及时反映新闻实践和学科发展的水平与趋势,以国内外新闻经典案例和最新案例贯穿始终,解释新闻的基本概念、原理理和方法。 |
| ● |
| 相关链接 |
|
|
|
|
正题名:新闻发现与表达
索取号:G212.1/367
 
预约/预借
| 序号 | 登录号 | 条形码 | 馆藏地/架位号 | 状态 | 备注 |
| 1 | 795350 | 207953507 | 第一样本阅览室/ [索取号:G212.1/367] | 在馆 | |
| 2 | 795351 | 207953516 | 第四借阅区/ [索取号:G212.1/367] | 在馆 | |
| 3 | 795352 | 207953525 | 第四借阅区/ [索取号:G212.1/367] | 在馆 | |
| 4 | 795353 | 207953534 | 第四借阅区/ [索取号:G212.1/367] | 在馆 | |
| 5 | 795354 | 207953543 | 密集书库-文学院/ [索取号:G212.1/367] | 在馆 |